000 00572nam a2200193Ia 4500
003 GCL
008 140319s9999 xx 000 0 ara d
040 _aGCL /
_cGCL
082 0 4 _a962.13
_bج م
100 1 _aجولوا
245 1 0 _a"مدينة رشيد ""3""" /
_cجولوا
700 1 _aزهير الشايب (مترجم)
260 _a[S.N] :
_bلجنة الاعلام والدراسات المستقبلية ،
_c1992
300 _a91 ص
490 _aموسوعة وصف مصر
_v0
650 0 4 _aرشيد
650 0 4 _aالمدن - مصر
942 _2ddc
_cBK
999 _c47311
_d47311